Návrh meracej trate pre experimentálne pracovisko podlahového vykurovania
Na minha lista:
| Autor principal: | |
|---|---|
| Outros Autores: | |
| Formato: | Manuscrito Livro |
| Idioma: | eslovaco |
| Publicado em: |
2023
|
| Assuntos: | |
| Acesso em linha: | http://is.stuba.sk/zp/portal_zp.pl?podrobnosti=179411 |
| Tags: |
Sem tags, seja o primeiro a adicionar uma tag!
|
MARC
| LEADER | 00000ntm a22000003a 4500 | ||
|---|---|---|---|
| 001 | stuzp93626 | ||
| 003 | SK-STU | ||
| 005 | 20231218123109.1 | ||
| 007 | ta | ||
| 008 | 150427s2015----xo-----f-mn---000-0-slo-d | ||
| 040 | |a STU |b slo | ||
| 041 | 0 | |a slo | |
| 100 | 1 | |a Sahuľ, Lukáš |u 020060 |4 aut |U SjF Strojnícka fakulta |T SjF Ústav energetických strojov a zariadení |X 112797 |U J0060 |Y 805 |7 112797 | |
| 242 | 0 | 1 | |a Design of the measuring track for the experimental workplace of floor heating |y eng |
| 245 | 1 | 0 | |a Návrh meracej trate pre experimentálne pracovisko podlahového vykurovania |
| 260 | |c 2023 | ||
| 650 | 4 | |a podlahové vykurovanie |2 slo | |
| 650 | 4 | |a prenos tepla |2 slo | |
| 650 | 4 | |a výpočet výkonu |2 slo | |
| 650 | 4 | |a experimentálna trať |2 slo | |
| 650 | 4 | |a floor heating |2 eng | |
| 650 | 4 | |a heat transfer |2 eng | |
| 650 | 4 | |a performance calculation |2 eng | |
| 650 | 4 | |a experimental track |2 eng | |
| 700 | 1 | |a Bursíková, Lucia |u 020060 |k Z2 |4 ths |U SjF Strojnícka fakulta |T SjF Ústav energetických strojov a zariadení |X 2260 |U J0060 |Y 805 |7 A000002260 | |
| 856 | 4 | |u http://is.stuba.sk/zp/portal_zp.pl?podrobnosti=179411 | |
| 996 | |b 284J047331 |c J* 3551/DBP |l JJSK |s A |a 24 |w stuzp93626_0001 | ||